000 00294nam a2200121Ia 4500
008 220204s9999 xx 000 0 und d
082 _a537
_bMIL.3
100 _aMileaf, Harry
245 0 _aBasic electricity. V 3
260 _aBombay
_bTaraporevala
_c1974
650 _aElectricity
942 _cBK
999 _c22727
_d22727